00580 2200217 4500001002100000005001700021008004100038035002400079082001300103090001800116245005000134260003600184300003100220500001100251650003200262700001900294850001500313980001300328985000600341999001500347YOGYA-0209000003351820090227024804.0 ind  0010-020900000033518 a923.0973 a923.0973bFor aTHE FORRESTAL diaruscedited by Walter Millis aNew YorkbThe VikingPressc1951 axxiv, 581 hlmbilusc22 cm aIndeks aRiwayat hidup tokoh Amerika aMellis, Walter aYOPDYOG(B) a5-9-2006 a1 ab000049856